000 00574nam a2200229Ia 4500
003 OSt
005 20220924152549.0
006 a|||||r|||| 00| 0
007 ta
008 220923b |||||||| |||| 00| 0 mar d
024 _a343124
037 _cTextual
040 _aARTS
_cARTS
_bmar
041 _2mar
_amar
082 _aV2:51wM56, 155J61
100 _aTamhankar D.V.
_9226998
245 0 _aLo.Tilak darshan
260 _c1956
650 _aHISTORY
942 _hV2:51wM56, 155J61
_cTEXL
_2CC
999 _c470253
_d470253